|
|
|
|
| LEADER |
01320ngm a2200349 a 4500 |
| 001 |
000940238 |
| 003 |
CZ BrMZK |
| 005 |
20090713115346.0 |
| 008 |
090521s2007 xr 90 |e|||||||||| cze d |
| 020 |
|
|
|q (DVD)
|
| 040 |
|
|
|a BOA001
|b cze
|
| 072 |
|
7 |
|a 796
|x Sport. Hry. Tělesná cvičení
|2 Konspekt
|9 20
|
| 080 |
|
|
|a 796.41.015.572
|2 MRF
|
| 080 |
|
|
|a 796.015.52
|2 MRF
|
| 080 |
|
|
|a 796.411.012.88
|2 MRF
|
| 080 |
|
|
|a 371.68-028.23
|2 MRF
|
| 080 |
|
|
|a (0.034.44)
|2 MRF
|
| 100 |
1 |
|
|a Studničková Šípková, Olga,
|d 1969-
|7 jn20000402955
|4 prf
|
| 245 |
0 |
0 |
|a Aerobik pro všechny
|h [videozáznam] /
|c účinkuje Olga Šípková
|
| 256 |
|
|
|a Data (4,09 GB)
|
| 260 |
|
|
|a [Česko] :
|b Sony BMG Music Entertainment,
|c 2007
|
| 300 |
|
|
|a 1 DVD-video (90 min.) :
|b zvuk., barev. ;
|c 12 cm
|
| 505 |
0 |
0 |
|t Rozcvičení --
|t Aerobik --
|t Posilování 1. část --
|t Posilování 2. část --
|t Strečink, relaxace
|
| 650 |
0 |
7 |
|a aerobik
|7 ph118272
|2 czenas
|
| 650 |
0 |
7 |
|a posilování
|7 ph124393
|2 czenas
|
| 650 |
0 |
7 |
|a strečink
|7 ph126137
|2 czenas
|
| 650 |
0 |
7 |
|a výukové videoprogramy
|7 ph166380
|2 czenas
|
| 655 |
|
7 |
|a DVD
|7 fd186912
|2 czenas
|
| 910 |
2 |
|
|a BOA001
|b CDR2-1224.316
|
| 990 |
|
|
|a VI
|
| 991 |
|
|
|b 200907
|
| 996 |
6 |
|
|b 2610379553
|c CDR2-1224.316
|l Stud. periodik/2.patro
|r Sklad / do 1 hodiny
|n 1
|p p.v.
|w 000940238
|u 000010
|a 1
|e BOA001
|j MZK50
|s P
|